2061 : odisea tres /

Guardado en:
Autor Principal: Clarke, Arthur C
Formato: Libro
Publicado: Buenos Aires : Emecé, 1988
Etiquetas: Agregar Etiqueta
Sin Etiquetas, Sea el primero en etiquetar este registro!
LEADER 00390nam a22001455a 4500
001 CEM.cems001709
005 20060214000000.0
008 130507s1988##################000#0#####d
003 CEMS
082 0 4 |a 813.5 
100 1 |a Clarke, Arthur C 
245 1 0 |a 2061 :  |b odisea tres / 
260 |a Buenos Aires :  |b Emecé,  |c 1988 
300 |a 318 p. 
859 |a CEMS  |b BIB. CEMS - 11 de abril  |h 813.5  |i C55-4  |p 16377.91  |t Ej.1